000 00200 a2200097 4500
001 43804
100 _aCooper
245 _aThe grammar of living
260 _a
_bAllen lane
_c
090 _c27567
_d27567
942 _aNUST-CAE
_cM
_c19521
999 _c278877
_d278877